000 00799nam a22002537a 4500
003 MX-MxINE
005 20260530113919.0
008 260520t2000 mx a|||| |||| 00| 0 spa d
020 _a9706830081
040 _aMX-MxINE
_bspa
_cMX-MxINE
_erda
041 _aspa
050 _aNK9924.M6
_bR66
100 _aRodriguez Zahar, Leon,
_eautor
_92262
245 _aTaracea :
_bIslamica y Mudejar /
_cLeon R. Zahar
264 _aMéxico :
_bMuseo Franz Mayer :
_bArtes de México,
_c2000
300 _a95 páginas :
_bilustraciones
336 _2rdacontent
_atexto
337 _2rdamedia
_asin medio
338 _2rdacarrier
_avolumen
490 _aColeccion Uso y estilo ;
_v7
500 _aTexto en español e inglés
650 4 _aMarqueteria
_vExposiciones
_zMexico
_92264
942 _2lcc
_cBK
_n1
999 _c12396
_d12396